000 01429naa a22003497a 4500
001 BR8601902
003 BR-BrBNA
005 20240918175654.0
007 ta
008 230509b bl.||||| |||| 00| 0 por d
040 _aBR-BrBNA
_bpor
_cBiblioteca Nacional de Agricultura
041 _a(Pt)
072 _aF03
_b1740
_b3575
_b3530
090 _aF03 BR8601902
100 1 _aBendjouya, B.
100 1 _aGarcia, D.C.
100 1 _aSchuch, S.M.L.
100 1 _aPuggina Filho, A.
111 1 _a1. e 2. Reuniao Tecnica Anual de Hortalicas
_cPorto Alegre, RS (Brazil); Rio Grande, RS (Brazil)
_d26-29 May 1983; 16-19 Oct 1984
245 1 _aUso de semente de cebola com baixa germinacao e porcentagem de aproveitamento de mudas aptas
246 1 _a[The use of onion seed with low germination and usage percentage of normal seedlings]
246 1 _a[Proceedings of the 1. and 2. Technical Yearly Meeting on Vegetables 1983 and 1984]
260 3 _aPorto Alegre, RS (Brasil):
_c1985.
500 _aAta da 1. e 2. Reuniao Tecnica Anual de Hortalicas 1983 e 1984 Porto Alegre, RS (Brasil): 1985. p. 67-69 (BR8601902-AM)F03
650 _aCEBOLA
650 _aSEMENTE
650 _aPODER GERMINATIVO
650 _aMUDA
773 0 _tAta da 1. e 2. Reuniao Tecnica Anual de Hortalicas 1983 e 1984
_wF03 BR8601902
_gPorto Alegre, RS (Brasil), 1985. p. 67-69
909 _a202404
_bLucia
_c55
_dLucia Elande
942 _cAM
_2AGRIS
999 _c317714
_d317714